Surprising saga of rubber industrys growth (Record no. 70027)

MARC details
000 -LEADER
fixed length control field 00329nam a2200133Ia 4500
245 #0 - TITLE STATEMENT
Title Surprising saga of rubber industrys growth
260 ## - PUBLICATION, DISTRIBUTION, ETC. (IMPRINT)
Name of publisher Rubber Asia 20th Anniversary Issue
300 ## - PHYSICAL DESCRIPTION
Number of Pages 73-75
650 ## - SUBJECT ADDED ENTRY--TOPICAL TERM
Topical Term NR
650 ## - SUBJECT ADDED ENTRY--TOPICAL TERM
Topical Term Rubber industry
650 ## - SUBJECT ADDED ENTRY--TOPICAL TERM
Topical Term SR
942 ## - ADDED ENTRY ELEMENTS (KOHA)
Koha item type Journals
Holdings
Withdrawn status Lost status Damaged status Not for loan Home library Current library Shelving location Date acquired Koha item type
      Journals RRII Library RRII Library Rubber general 01/01/2021 Journals